000 00682nam a2200253Ia 4500
003 OSt
005 20220924115210.0
006 a|||||r|||| 00| 0
007 ta
008 220923b |||||||| |||| 00| 0 urd d
020 _c4.25
024 _a318904
037 _cTextual
040 _aARTS
_cARTS
_burd
041 _2urd
_aurd
082 _aO168,3NZA3,1, K7
100 _aHussain Zulekha Au.
_9177171
245 0 _aEk khwab ek haqiqat
260 _aDelhi
_bAhluwalia book depo India
_c1967
300 _a232p.
_ccm.
650 _aURDU FICTION
_93298
942 _hO168,3NZA3,1, K7
_cTEXL
_2CC
999 _c397198
_d397198